00842nam a2200253 i 4500001000700000003000900007005001700016007000300033008004100036020001800077080001700095080002400112100002500136245010900161260004500270300002200315490003300337600006000370600005400430650003000484700001900514830003300533852002200566128384ES-MaACL20250329173412.0t|070509s1976 sp ||||1| spa d a84-265-5303-6 a1 Marx, Karl a1 Engels, Friedrich1 aTabet, Miguel Angel.13aK. Marx-F. Engels : bLa sagrada familia y La ideología alemana /cMiguel Ángel Tabet, Arthur Maier. aMadrid : bMagisterio Español, c1976. a180 p. ; c19 cm.1 aCrítica Filosófica ; v514aMarx, Karl, d1818-1883- xCrítica e interpretación14aEngels, Friedrich-vCrítica e interpretación. 4aMaterialismo histórico.1 aMaier, Arthur.1 aCrítica Filosófica ; v5 aES-MaACLjC-22281